00731nam a2200193 a 450000100100000000500170001000800410002702000150006804000250008308200150010810000340012324501200015726000590027730000280033650000310036404900090039595201180040499900150052200000533420200929151638.0090819s2000 es a 001 spa d a849507897X aDO-SdBNPbspacBNPHU axxxxbE77e1 aEspadas Burgos, Manuel91513013aLa escuela española de historia y arqueología en Roma :bun Guadiana junto al Tíber /cManuel Espadas Burgos. aLa Mancha, España :bUniversidad de Castilla,c2000. a166 p. :bil. ;c24 cm. aIncluye tabla de contenido aBNPD 001054708MOaGRbGRcHDd2009-08-19iLF1l0oxxxx E77ep5334-10r2020-06-25w2020-06-25y4ZPréstamo en sala c5135d5135